000 02229cam a22003615a 4500
001 L156134
008 120501s2012 xxk f 001 0 eng d
020 _a9781842197165
035 _a(Sirsi) u156134
041 0 _aeng
050 0 4 _a692.3095
110 1 _aRoyal Institution of Chartered Surveyors
_94900
240 _aNRM 2
245 0 0 _aNRM 2
_bRICS new rules of measurement
_bdetailed measurement for building works
_c[old edition]
260 _aCoventry
_bRICS
_c2012
300 _avi, 298p.
_bill.
_c30cm.
350 _a45
490 0 _aRICS Guidance Note
505 2 _aForeword -- Introduction -- Part 1, general: introduction; measurement in context with the RIBA Plan of Work and OGC Gateway Process; purpose of NRM 2; use of NRM 2; structure of NRM 2; symbols, abbreviations and definitions
505 2 _aPart 2, rules for detailed measurement of building works: introduction; purpose of bill of quantities; benefits of bill of quantities; types of bill of quantities; preparation of bill of quantites; composition of a bill of quantities; preliminaries; measurement rules for building works; non-measurable works; risks; overheads and profit; credits; other considerations; information requirements for measurement; codification of bill of quantities; cost management/control; analysis, collection and storage of cost data
505 _aPart 3, tabulated rules of measurement for building works: introduction; use of tabulated rules for building works; measurement rules for building works; tabulated work sections; -- Appendices-- Bibliography -- Index
520 _aProvides a standard set of measurement rules that are understandable by all those involved in a construction project. They provide advice and best practice guidance to RICS members involved in the cost management of construction projects worldwide.
520 _aSuperseded by 2nd editon, 2021 (ISBN 9781783214259)
521 _aAdvanced
650 2 4 _aRICS NEW RULES OF MEASUREMENT
650 2 4 _aNEW RULES OF MEASUREMENT 2
651 4 _aInternational
690 _aCost management
_96233
690 _aMeasurement
_96256
690 _aConstruction management
_96230
690 _aProject management
_96261
942 _n0
_2ddc
999 _c114051
_d114051